Statistics for 2020 #1s on the Billboard Hot 100

Click here to take the quiz!

General Stats

  • This quiz has been taken 15 times
  • The average score is 16 of 22

Answer Stats

WeeksArtistSong% Correct
April 4-11, April 25-May 2The WeekndBlinding Lights
93%
September 5-12, October 3BTSDynamite
87%
May 30Megan Thee StallionSavage
87%
October 17Jason Derulo, Jawsh 685, BTSSavage Love (Laxed - Siren Beat)
87%
August 15Harry StylesWatermelon Sugar
87%
January 11Post MaloneCircles
80%
October 24-31, November 14-28, December 1224kGoldn, Iann DiorMood
80%
May 16Doja Cat, Nicki MinajSay So
80%
August 22-29, September 19-26Cardi B, Megan Thee StallionWAP
80%
January 4, December 19Mariah CareyAll I Want For Christmas is You
73%
November 7Ariana GrandePositions
73%
June 6Lady Gaga, Ariana GrandeRain on Me
73%
June 13-20, July 4-August 1DaBaby, Roddy RicchRockstar
73%
January 18-March 28Roddy RicchThe Box
73%
May 23Ariana Grande, Justin BieberStuck With U
67%
May 9The ScottsThe Scotts
60%
June 276ix9ine, Nicki MinajTrollz
60%
December 25Taylor SwiftWillow
60%
August 8Taylor SwiftCardigan
53%
April 18DrakeToosie Slide
53%
October 10Travis Scott, Young Thug, M.I.A.Franchise
47%
December 5BTSLife Goes On
47%

Score Distribution

Percentile by Number Answered

Percent of People with Each Score

Your Score History

You have not taken this quiz